Countries that Visit Portugal the Most - Statistics

General Stats
  • This quiz has been taken 797 times
  • The average score is 10 of 12
Answer Stats
Visits Country % Correct
1,525,700 Spain
99%
1,604,400 United Kingdom
98%
1,092,800 France
97%
388,600 United States
96%
1,060,800 Germany
95%
384,300 Italy
95%
613,500 Brazil
84%
461,800 Netherlands
82%
240,300 Belgium
81%
185,100 Switzerland
77%
242,000 Ireland
73%
157,600 Russia
66%
No matching quizzes found
Score Distribution
Percent of People with Each Score
Percentile by Number Answered
Your Score History
You have not taken this quiz